Characters from Kim Possible Quiz Stats

 Plays Quiz not verified by Sporcle

Also try: TV Debuts: 2014
Challenge
Share
Tweet
Score 0/9 Timer 05:00
0 Plays Today
% Correct
Kim Possible
99.4%
Ron Stoppable
90.1%
Rufus
89.4%
Shego
87%
Wade
81.4%
Dr. Drakken
77%
Bonnie Rockwaller
53.4%
Jim & Tim Possible
44.7%
Doctor Possible
16.8%

You're not logged in!

Compare scores with friends on all Sporcle quizzes.
Join for Free
OR
Log In

You Might Also Like...

Show Comments

Extras

Created Jun 2, 2016ReportNominate
Tags:Popular Quiz, character, kim

Top Quizzes Today


Score Distribution

Your Account Isn't Verified!

In order to create a playlist on Sporcle, you need to verify the email address you used during registration. Go to your Sporcle Settings to finish the process.

Report this User

Report this user for behavior that violates our Community Guidelines.

Details: